Responses for show #2737 - Tuesday, June 25, 1996

Karl Coryat game 3.

Contestants

Don Sloan, a composer and music professor from Wadsworth, Ohio

Rob Mitchell, a telecommunications engineer from Aberdeen, New Jersey

Karl Coryat, a managing editor from Oakland, California (whose 2-day cash winnings total $42,400)

Jeopardy! Round responses

SOCIOLOGY
WORLD CITIES
TV LAW
MORTAL MATTERS
U.S. PRESIDENTS
CROSSWORD CLUES "M"
    $100 21
white

Rob
    $100 4
Havana

Karl
    $100 26
Perry Mason

Karl
    $100 16
(Rob: What is Neptune?)
...
(Alex: God of the dead, not of the sea.)

Pluto

RobDon
    $100 1
Jefferson

Karl
    $100 11
mice

Karl
    $200 22
Baby Boomers

Karl
    $200 7
Venice

Karl
    $200 27
L.A. Law

Karl
    $200 17
hummingbirds

Triple Stumper
    $200 2
Coolidge

Rob
    $200 12
motel

Karl
    $300 23
the Second World

Karl
    $300 8
Liverpool

Karl
    $300 28
Chuck Connors

Karl
    $300 18
Livingstone

Don
    $300 3
Wilson

Don
    $300 13
a mortar

Karl
    $400 24
networking

Rob
    $400 9
Sydney

Karl
    $400 29
Law & Order

Don
    $400 19
Emily Dickinson

Karl
    $500 5
Eisenhower

Karl
    $400 14
musk

Karl
    $500 25
demographics

Rob
    $500 10
Pyongyang

Rob
    $500 30
The Defenders

Karl
    $500 20
(Karl: What is All Saints Day?)

All Souls Day

Karl
Triple Stumper
    $500 6
Grant

Karl
    $500 15
Middle Earth

Don

Scores at the first commercial break (after clue 15):

Karl Rob Don
$3,100 $700 $800

Scores at the end of the Jeopardy! Round:

Karl Rob Don
$4,600 $1,600 $1,600

Double Jeopardy! Round responses

PAINTINGS
FESTIVALS & CELEBRATIONS
PULITZER PRIZE WINNERS
BRITISH HISTORY 1982
WEIGHTS & MEASURES
MOUNTAINS
    $200 3
"Nevermore"

Karl
    $200 26
Kentucky

Karl
    $200 16
The Grapes of Wrath

Karl
    $200 21
the Falklands

Don
    $200 1
an inch

Rob
    $200 8
Everest

Karl
    $400 4
Cupid

Don
    $400 27
Michigan

Don
    $400 17
Ariel

Rob
    $400 22
(Prince) William

Karl
    $400 2
avoirdupois

Don
    $400 9
Pyrenees

Rob
    $600 5
Leonardo da Vinci

Karl
    $600 30
Huntsville

Karl
    $600 18
Barbara Tuchman

Don
    $600 23
Henry VIII

Karl
    $600 13
18

Karl
    $600 10
Mont Blanc

Karl
    $800 6
Rubens

Karl
    $4,800 29
West Virginia

Don
    $800 19
Tales of the South Pacific

Don
    $800 24
Laker

Don
    $3,600 14
the second

Karl
    $800 11
the Atlas Mountains

Karl
    $1000 7
Manet

Karl
    $1000 28
Texas

Triple Stumper
    $1000 20
Dean Acheson

Karl
    $1000 25
(Karl: What's the Savoy?)

D’Oyly Carte

KarlRob
    $1000 15
the meter

Triple Stumper
    $1000 12
(Karl: What's the Great Dividing Range?)

the Snowy Mountains

Karl
Triple Stumper

Scores at the end of the Double Jeopardy! Round:

Karl Rob Don
$14,000 $3,600 $10,000

[wagering suggestions for these scores]

Final Jeopardy! Round responses

BUSINESS & INDUSTRY
RobWhat is the U.S. Government?
$1,400
DonWhat is the US Postal Service?
$2,000
KarlWhat is ?
$6,100
the US Postal Service

Final scores:

Karl Rob Don
$7,900 $2,200 $12,000
2nd place: Broyhill bedroom furniture 3rd place: Sansui CD system New champion: $12,000

Game dynamics:

Coryat scores:

Karl Rob Don
$11,100 $3,600 $6,000
33 R
(including 2 DDs),
3 W
9 R,
1 W
13 R
(including 1 DD),
0 W

Combined Coryat: $20,700

The J! Archive is created by fans, for fans. The Jeopardy! game show and all elements thereof, including but not limited to copyright and trademark thereto, are the property of Jeopardy Productions, Inc. and are protected under law. This website is not affiliated with, sponsored by, or operated by Jeopardy Productions, Inc. Join the discussion at JBoard.tv.